Responses for show #3741 - Monday, December 4, 2000

Contestants

Holly Klatt, an investment services specialist from Menomonee Falls, Wisconsin

Josh Small, a second-year medical student from New York City, New York

Pat Grady, a computer analyst from Palatine, Illinois (whose 2-day cash winnings total $15,799)

Jeopardy! Round responses

(Alex: A whole category devoted to...)
WARREN G. HARDING
CHEESY COUNTRIES
(Alex: You identify the country as we present the cheeses for you.)
TONIGHT SHOW ANNOUNCERS
I'M JUST WILD ABOUT HARRY
"A"RT
BOWLING FOR VOCABULARY
    $100 24
Calvin Coolidge

Josh
    $100 6
France

Josh
    $100 12
Ed McMahon

Holly
    $100 1
Harry S. Truman

Pat
    $100 18
Abstract

Holly
    $100 3
Strike

Pat
    $200 25
Ohio

Triple Stumper
    $200 13
England

Pat
    $200 14
Edd Hall

Holly
    $200 2
Harry Callahan

Josh
    $200 19
Fra Angelico

Triple Stumper
    $200 4
Gutter

Pat
    $300 26
Gamaliel

Holly
    $300 15
(J: What is Spain?)
(H: What is Italy?)

Denmark

PatJoshHolly
    $300 21
Doc Severinsen

Pat
    $300 9
Debbie Harry

Pat
    $300 20
"The Annunciation"

Pat
    $300 5
Frame

Holly
    $400 28
(P: What is Secretary of State?)
(H: What is Treasury?)

Interior

PatHolly
Triple Stumper
    $400 16
Italy

Holly
    $400 22
Hugh Downs

Pat
    $400 10
Harry Belafonte

Pat
    $400 27
John James Audubon

Pat
    $400 7
Alley

Pat
    $500 29
Founding Fathers

Pat
    $500 17
The Netherlands (Holland)

Triple Stumper
    $500 23
Gene Rayburn

Pat
    $500 11
Harry Houdini

Pat
    $500 30
Ashcan School

Triple Stumper
    $500 8
Kingpin

Triple Stumper

Scores at the first commercial break (after clue 17):

Pat Josh Holly
$2,500 $0 $700

Scores at the end of the Jeopardy! Round:

Pat Josh Holly
$4,500 $100 $700

Double Jeopardy! Round responses

NATIONAL PARKS
TWINS
A VIRGIL VIGIL
WHO PLAYED 'EM?
HISTORY OF THE WORLD PART 3
"Z" FOR YOURSELF
    $200 20
Yellowstone

Josh
    $200 10
Jose Canseco

Holly
    $200 26
Augustus

Josh
    $200 2
Charlton Heston

Josh
    $200 1
Communist Party

Pat
    $200 11
Zodiac

Pat
    $400 21
Everglades

Josh
    $400 12
London

Triple Stumper
    $400 27
Dante

Pat
    $400 6
Mel Gibson

Pat
    $400 3
UAW (United Auto Workers)

Josh
    $400 16
Zulus

Josh
    $600 22
Saguaro National Park

Josh
    $600 13
Hugh Hefner

Holly
    $600 28
Muses

Pat
    $600 7
Eddie Murphy

Pat
    $1,000 4
(J: What are rats?)

Cats

Josh
    $600 17
Zinfandel

Josh
    $800 23
(P: What is South Dakota?)

North Dakota

PatHolly
    $800 14
Linda Hamilton

Josh
    $800 29
Jesus Christ

Josh
    $800 8
Robert Redford

Pat
    $800 5
Michael Collins

Pat
    $800 18
Zydeco

Josh
    $1000 24
(J: What is Washington?)

Montana

Josh
Triple Stumper
    $1000 25
Tia & Tamara

Pat
    $100 30
(J: I don't know.)

Naples (Neapolis)

Josh
    $1000 9
Kate Winslet

Triple Stumper
    $1000 15
Edict of Nantes

Triple Stumper
    $1000 19
Zealot

Josh

Scores at the end of the Double Jeopardy! Round:

Pat Josh Holly
$8,700 $4,400 $2,300

[wagering suggestions for these scores]

Final Jeopardy! Round responses

THE SPACE RACE
(Alex: There's no longer a space race, but there used to be, some years ago.)
HollyWhat is a dog?
$2,200
JoshWhat is a dog?
$4,200
PatWhat is a dog?
$101
Dog (named Laika)

Final scores:

Pat Josh Holly
$8,801 $8,600 $4,500
3-day champion: $24,600 2nd place: Trip to Laguna Cliffs Marriott Resort, Dana Point, California 3rd place: Assortment of Samsung Cameras

Game dynamics:

Coryat scores:

Pat Josh Holly
$8,700 $5,500 $2,300
24 R
(including 1 DD),
2 W
15 R,
4 W
(including 2 DDs)
9 R,
2 W

Combined Coryat: $16,500

The J! Archive is created by fans, for fans. The Jeopardy! game show and all elements thereof, including but not limited to copyright and trademark thereto, are the property of Jeopardy Productions, Inc. and are protected under law. This website is not affiliated with, sponsored by, or operated by Jeopardy Productions, Inc. Join the discussion at JBoard.tv.